|
|
|
|
| LEADER |
00000nab a2200000 a 4500 |
| 001 |
vtls000229729 |
| 003 |
SK-MaSNL |
| 005 |
20260302213323.0 |
| 008 |
140423c1985 xo 0 slo |
| 015 |
|
|
|a SNBRB19rr/mm-uuuuu
|
| 035 |
|
|
|a CL0239843
|
| 040 |
|
|
|a SNKBUCL
|b slo
|c SNKBUCL
|e AACR2
|
| 041 |
0 |
|
|a slo
|
| 044 |
|
|
|a xo
|c SK
|
| 080 |
|
|
|a 882-1
|2 1981
|
| 100 |
1 |
|
|a Cvetajeva, Marina Ivanovna,
|d 1892-1941
|4 aut
|9 167329
|
| 245 |
1 |
0 |
|a Pranier
|c Marina Cvetajevová ; Marina Ivanovna Cvetajeva, Ján Zambor
|
| 650 |
0 |
7 |
|a básne lyrické
|2 snkbucl
|9 403933
|
| 655 |
|
7 |
|a články z novín a časopisov
|2 snkbucl
|9 267496
|
| 655 |
|
7 |
|a články z odboru literárna veda a krásna literatúra
|2 snkbucl
|9 770045
|
| 700 |
1 |
|
|a Zambor, Ján,
|d 1947-
|4 trl
|9 106743
|
| 700 |
1 |
|
|a Cvetajeva, Marina Ivanovna,
|d 1892-1941
|4 aut
|9 167329
|
| 773 |
0 |
|
|t Revue svetovej literatúry
|g Roč. 21, č. 6 (1985), s. 9
|
| 850 |
|
|
|a Slovenská národná knižnica v Martine
|a MTA001
|
| 852 |
|
|
|a SNK
|b KIS3GCP
|
| 958 |
|
|
|a RK
|
| 958 |
|
|
|a LX
|
| 958 |
|
|
|a SU
|
| 999 |
|
|
|c 1493081
|d 1495011
|